เปลี่ยนเป็นภาษาไทย

Change to English
 แสดงรายละเอียดบรรณานุกรม
  กลับหน้าหลัก

Brief Record : Get Marc (ISO 2709) : E-mail record : QR code กลับ
หนังสือการแพทย์ E-books หนังสือทั่วไป : เกี่ยวกับ Collections
LEADER 00000nam 2200000uu 4500
001    39257
003     ULIBM
008    020711s2567 th a 000 0 tha d
020    9789740340560
050    W20.5 จ755ว
100    เจษฎา คุณโน
245    วิธีการวิจัยพื้นฐานสำหรับวิทยาศาสตร์สุขภาพ=Besic of Research Methodology for Health Science/เจษฎา คุณโน
250    พิมพ์ครั้งที่ 3
260    กรุงเทพฯ :^bจุฬาลงกรณ์มหาวิทยาลัย,^c2567
300    264 หน้า ;^c25 ซม.
650    วิทยาศาสตร์การแพทย์--วิจัย--วิธีวิทยา
650    Research Design
650    Research — methods
650    Scientific Method
650    Health Sciences — methods
999    ^aฐานิตา โสภะสุนทร
รายการนี้ยังไม่มีแท็ก
คุณยังไม่ได้ล็อกอิน คุณสามารถมีกิจกรรมร่วมกับเว็บไซต์ได้ แต่ต้องล็อกอินก่อน ::
  ล็อกอิน
ลำดับที่ ประเภท เลขเรียก/บาร์โค้ด สถานที่ สถานะ
1. หนังสือทั่วไป
หนังสือทั่วไป
W20.5 จ755ว 2567  
  Barcode: 005397
KRPH Library On Shelf
  ขอยืม
   [แสดง 1/1 รายการ]

รายการใกล้เคียง
    หัวเรื่อง [วิทยาศาสตร์การแพทย์--วิจัย--วิธีวิทยา]
    หัวเรื่อง [Research Design]
    หัวเรื่อง [Scientific Method]

BibComment


ยังไม่เคยถูกคอมเมนท์

คอมเมนท์ทรัพยากรรายการนี้
  คอมเมนท์: วิธีการวิจัยพื้นฐ..
Bib 39257


 Union Library Management : ULibM
Copyright 2026. All Rights Reserved.